Himnos Homéricos
Shranjeno v:
| Format: | Knjiga |
|---|---|
| Jezik: | španščina |
| Izdano: |
Madrid
Gredos
1978
|
| Serija: | Biblioteca Clásica Gredos, 8
|
| Teme: | |
| Oznake: |
Označite
Brez oznak, prvi označite!
|
MARC
| LEADER | 00000nam a2200000 a 4500 | ||
|---|---|---|---|
| 001 | UCV9617 | ||
| 003 | CL-VaPUC | ||
| 008 | 921209e19780000SP |||||||||||||||||spa|d | ||
| 082 | 0 | 4 | |a 883 |b HIM |2 21 |
| 245 | 1 | 0 | |a Himnos Homéricos |
| 246 | 1 | 3 | |a La Batrocomiomaquía |
| 300 | |a 355 p | ||
| 942 | |c BK | ||
| 945 | |d 19921209 00:00:00 | ||
| 260 | |a Madrid |b Gredos |c 1978 | ||
| 650 | 7 | |a POESIAS EPICAS GRIEGAS |2 CL-VaPUC |9 265677 | |
| 583 | |a last modification |c 19921209 00:00:00 |k Rodrigo Vera | ||
| 490 | 0 | |a Biblioteca Clásica Gredos, 8 | |
| 999 | |c 214925 |d 214923 | ||
| 952 | |0 0 |1 0 |4 0 |6 883_000000000000000_HIM_1978 |7 0 |8 P |9 198755 |a BIBARQ |b BIBARQ |d 2019-11-14 |i 2661608 |o 883 HIM 1978 |p 2661608 |r 2025-01-20 |w 2019-11-14 |y BK |k ARQ | ||
| 952 | |0 0 |1 0 |4 0 |6 883_000000000000000_HIM_1978 |7 0 |8 R |9 198756 |a BIBEDU |b BIBEDU |c MCIRC |d 2019-11-14 |i 1467077 |o 883 HIM 1978 |p 1467077 |r 2023-01-13 |w 2019-11-14 |y BK_R |k LIT | ||
| 952 | |0 0 |1 0 |4 0 |6 883_000000000000000_HIM_1978 |7 0 |8 X |9 198757 |a BIBHIS |b BIBHIS |d 2019-11-14 |i 1364057 |o 883 HIM 1978 |p 1364057 |r 2024-01-30 |w 2019-11-14 |y BK_X |k HIS | ||